U.S. States with Cardinal Directions in Their Names - Statistics

General Stats
  • This quiz has been taken 37 times
  • The average score is 5 of 5
Answer Stats
Answer % Correct
North Carolina
100%
North Dakota
100%
South Carolina
100%
South Dakota
97%
West Virginia
94%
No matching quizzes found
Score Distribution
Percent of People with Each Score
Percentile by Number Answered
Your Score History
You have not taken this quiz